Seed storage of horticultural crops /
Guardado en:
| Autor Principal: | |
|---|---|
| Formato: | Libro |
| Idioma: | English |
| Publicado: |
New York :
Haworth Press,
c2001.
|
| Materias: | |
| Acceso en línea: | Tabla de contenidos |
| Etiquetas: |
Agregar Etiqueta
Sin Etiquetas, Sea el primero en etiquetar este registro!
|
| LEADER | 00714nam a22001935a 4500 | ||
|---|---|---|---|
| 001 | EEA.libagro007614 | ||
| 005 | 20180424130001.0 | ||
| 008 | 130809s2001####nyua#####b####000#0#eng#d | ||
| 020 | |a 1560228830 | ||
| 082 | 0 | 4 | |a 635.0421 |
| 100 | 1 | |a Doijode, S. D. | |
| 245 | 1 | 0 | |a Seed storage of horticultural crops / |c S.D. Doijode. |
| 260 | |a New York : |b Haworth Press, |c c2001. | ||
| 300 | |a xvi, 339 p. : |b il. ; |c 23 cm. | ||
| 504 | |a Incluye referencias bibliográficas. | ||
| 653 | |a Cultivos hortícolas | ||
| 653 | |a Almacenamiento de semillas | ||
| 856 | |u https://www.crcpress.com/Seed-Storage-of-Horticultural-Crops/Doijode/p/book/9781560229018 |3 Tabla de contenidos | ||
| 859 | |a AR-BbBCA |b BIB. AGRONOMIA |h 635.0421 |i D657 |p 2006/5003 | ||
